Business Research Methods (Record no. 5)

MARC details
000 -LEADER
fixed length control field 00409nam a22001577a 4500
005 - DATE AND TIME OF LATEST TRANSACTION
control field 20180703115427.0
008 - FIXED-LENGTH DATA ELEMENTS--GENERAL INFORMATION
fixed length control field 160426b xxu||||| |||| 00| 0 eng d
020 ## - INTERNATIONAL STANDARD BOOK NUMBER
ISBN 0-07-062019-9
041 ## - LANGUAGE CODE
Language code of text/sound track or separate title eng
082 ## - DEWEY DECIMAL CLASSIFICATION NUMBER
Item number 00024
Classification number 658.0072
100 ## - MAIN ENTRY--AUTHOR NAME
Personal name Cooper, Donald R. AND Schindler,Pamela S.
245 ## - TITLE STATEMENT
Title Business Research Methods
260 ## - PUBLICATION, DISTRIBUTION, ETC. (IMPRINT)
Place of publication New Delhi
Name of publisher Tata Mc Graw Hill
Year of publication 2006
300 ## - PHYSICAL DESCRIPTION
Number of Pages 757p,
942 ## - ADDED ENTRY ELEMENTS (KOHA)
Koha item type Books
Holdings
Lost status Damaged status Collection code Home library Current library Shelving location Date acquired Source of acquisition Cost, normal purchase price Full call number Accession Number Koha item type
    MANAGEMENT JRU Library JRU Library SHELF-63-H 26/04/2016 PURCHASE 395.00 658.0072 00024 Books
    MANAGEMENT JRU Library JRU Library SHELF-63-H 26/04/2016   395.00 658.0072 00025 Books
    MANAGEMENT JRU Library JRU Library SHELF-63-H 26/04/2016 PURCHASE 395.00 658.0072 00026 Books
    MANAGEMENT JRU Library JRU Library SHELF-40-M 26/04/2016 PURCHASE 395.00 658.0072 00027 Books
    MANAGEMENT JRU Library JRU Library SHELF-63-H 26/04/2016 PURCHASE 395.00 658.0072 00028 Books
    MANAGEMENT JRU Library JRU Library SHELF-63-I 26/04/2016 PURCHASE 857.00 658.0072 00029 Books
    MANAGEMENT JRU Library JRU Library SHELF-63-I 26/04/2016 PURCHASE 857.00 658.0072 00030 Books